000 00584nam a2200181Ia 4500
003 GCL
008 140319s9999 xx 000 0 ara d
040 _aGCL /
_cGCL
082 0 4 _a370.1
_bع د
100 1 _aعبدالمنعم محمد حسين
245 1 0 _aدراسات وبحوث فى تدريس العلوم والتربية العلمية /
_cعبدالمنعم محمد حسين
260 _a[S.N] :
_bمكتبة النهضة المصرية ،
_c1989
300 _a424 ص
490 _a
650 0 4 _aالعلوم
650 0 4 _aتعليم وتدريس
942 _2ddc
_cBK
999 _c47932
_d47932